000 01046nam a22002417a 4500
999 _c13914
_d13914
003 AR-CdUCM
008 190417b ||||| |||| 00| 0 spa d
040 _aMUNICIPALIDAD PROVINCIAL DEL CUSCO
_cBIBLIOTECA MUNICIPAL DEL CUSCO
041 _heng
082 _a818.5 /
_bM26 / 1921
100 _aMarden, Orison Swett
_932527
245 _aLa vida optimista :
_bObra destinada a infundir en la juventud la confianza en el provenir por medio del trabajo y la perseverancia en sus nobles aspiraciones /
260 _aBarcelona :
_bImprenta Claraso,
_c1921.
300 _a331 páginas ;
_bRetrete, ilustraciones,
_c18 cm.
505 _aContenido: Aliento y Esperanza -- Recreos y diversiones -- El poder de la Amabilidad -- La vida Interna y la belleza Externa -- El valor de la amistad ...
650 _aOptimismo
_932528
650 _aAuto educación
_932529
650 _aSiglo XX
_98
650 _aLiteratura Estadounidense
_931137
700 _aCliment Terrer, Federico (traductor)
_932530
942 _2ddc
_cLIBROS
945 _acmm
_d2019-04-17